| 000 | 01246nam a22002417a 4500 | ||
|---|---|---|---|
| 005 | 20101224150352.0 | ||
| 008 | 101224t xxu||||| |||| 00| 0 mar d | ||
| 010 | _aMAR-20470 | ||
| 020 |
_a9788184981902 _c250.00 |
||
| 035 | _aMR-13128 | ||
| 037 | _bDBAD / PUB | ||
| 040 |
_aDPL _bMR |
||
| 082 | _a823 | ||
| 100 |
_aहेस्टिंग्स,मायकेल _925101 |
||
| 245 |
_aआय लॉस्ट माय लव्ह इन बगदाद / _cमायकेल हेस्टिंग्स : अंजनी नरवणे द्वारा अनुवादित |
||
| 246 |
_aI Lost My Love in Baghdad _bby Michael Hastings |
||
| 260 |
_aपुणे _bमेहता पब्लिशिंग हाऊस _c2011 |
||
| 270 |
_a1941,सदाशिव पेठ,माडीवाले कॉलनी, _bपुणे _e411030 |
||
| 300 |
_aनऊ 278पृ _c21सेमी (अजिल्द) |
||
| 700 |
_aनरवणे,अंजनी _925102 |
||
| 942 |
_2ddc _cMR _mहेस्टिंग्स _h823 |
||
| 999 |
_c49542 _d49542 |
||